La percepción literaria: el papel del lector

Shranjeno v:
Bibliografske podrobnosti
Glavni avtor: Medina Cano, Federico
Format: Neznan
Izdano: Colombia: Agora,
Teme:
Oznake: Označite
Brez oznak, prvi označite!

MARC

LEADER 000000000a22000000004500
001 000101
100 1 |a Medina Cano, Federico 
245 1 0 |a La percepción literaria: el papel del lector 
260 |a Colombia:   |b Agora, 
650 4 |a LECTURA 
650 4 |a LECTORES 
773 0 |t Con-Textos: Revista de Semiótica Literaria 
773 0 |g 2 
773 0 |g 16 
773 0 |g 1995 
773 0 |g 98-142 
999 |c 843  |d 843